С "Джу" через Тихий океан / (Record no. 276142)
[ view plain ]
| 000 -LEADER | |
|---|---|
| fixed length control field | 01014nam a2200241 a 4500 |
| 001 - CONTROL NUMBER | |
| control field | 000747254 |
| 003 - CONTROL NUMBER IDENTIFIER | |
| control field | AM-YeHGA |
| 005 - DATE AND TIME OF LATEST TRANSACTION | |
| control field | 20250617143515.0 |
| 008 - FIXED-LENGTH DATA ELEMENTS--GENERAL INFORMATION | |
| fixed length control field | 100629s1982 |||| |||||||||||||rus d |
| 040 ## - CATALOGING SOURCE | |
| Original cataloging agency | AM-YeHGA |
| 041 1# - LANGUAGE CODE | |
| Language code of text/sound track or separate title | rus |
| Language code of original | bul |
| 090 ## - LOCALLY ASSIGNED LC-TYPE CALL NUMBER (OCLC); LOCAL CALL NUMBER (RLIN) | |
| -- | 277791 |
| 100 1# - MAIN ENTRY--PERSONAL NAME | |
| Personal name | Папазов, Дончо |
| 245 10 - TITLE STATEMENT | |
| Title | С "Джу" через Тихий океан / |
| Statement of responsibility, etc. | Д. Папазов, Ю. Папазова; Перевод с болг. В. Д. Пономарева. |
| 260 ## - PUBLICATION, DISTRIBUTION, ETC. | |
| Place of publication, distribution, etc. | Москва : |
| Name of publisher, distributor, etc. | Прогресс, |
| Date of publication, distribution, etc. | 1982. |
| 300 ## - PHYSICAL DESCRIPTION | |
| Extent | 413 с. : |
| Other physical details | ил. ; |
| Dimensions | 20 см. |
| 534 ## - ORIGINAL VERSION NOTE | |
| Introductory phrase | Оригинал |
| -- | С "Джу" през Пасифика / |
| Main entry of original | Дончо Папазов, Юлия Папазова |
| Publication, distribution, etc. of original | София, 1979 |
| 650 14 - SUBJECT ADDED ENTRY--TOPICAL TERM | |
| Topical term or geographic name entry element | Путешествия - Тихий океан |
| 650 14 - SUBJECT ADDED ENTRY--TOPICAL TERM | |
| Topical term or geographic name entry element | Путешествия и экспедиции - Тихий океан |
| 653 0# - INDEX TERM--UNCONTROLLED | |
| Uncontrolled term | Морские приключения |
| 700 1# - ADDED ENTRY--PERSONAL NAME | |
| Personal name | Папазова, Юлия |
| 700 1# - ADDED ENTRY--PERSONAL NAME | |
| Personal name | Пономарев, В.Д. |
| Relator term | пер. |
| Relationship | trl |
| Withdrawn status | Lost status | Damaged status | Not for loan | Collection | Home library | Current library | Date acquired | Total checkouts | Full call number | Barcode | Date last seen | Price effective from | Koha item type | Public note |
|---|---|---|---|---|---|---|---|---|---|---|---|---|---|---|
| General | Fundamental Scientific Library | Fundamental Scientific Library | 29/12/2016 | PII/500640 | FL0233813 | 29/12/2016 | 29/12/2016 | Գրքեր / Books | 30 Days Loan | |||||
| General | Fundamental Scientific Library | Fundamental Scientific Library | 29/12/2016 | PII/502184 | FL0230921 | 29/12/2016 | 29/12/2016 | Գրքեր / Books | 30 Days Loan |
ՀՀ Գիտությունների ազգային ակադեմիայի հիմնարար գիտական գրադարան = Fundamental Scientific Library of NAS RA
All site content, except where otherwise noted, is licensed under a